Music Quiz

Random Music or Song Quiz

Artists on Now! Volume 23 (UK) Quiz Stats

Quiz not verified by Sporcle

Challenge
Share
Tweet
Embed
Score 0/39 Timer 05:00
0 Plays Today
Song Artist % Correct
Dancing QueenABBA
89.5%
Achy Breaky HeartBilly Ray Cyrus
86%
Who Needs Love Like That (Hamburg Mix)Erasure
70.9%
Alive and KickingSimple Minds
69.8%
BarcelonaFreddie Mercury & Montserrat Caballé
67.4%
Ebeneezer GoodeThe Shamen
64%
Iron Lion ZionBob Marley & The Wailers
61.6%
Sleeping SatelliteTasmin Archer
60.5%
Would I Lie To You?Charles & Eddie
58.1%
Too FunkyGeorge Michael
57%
Damn I Wish I Was Your LoverSophie B. Hawkins
53.5%
Jesus He Knows MeGenesis
50%
Temptation (Brothers in Rhythm Remix)Heaven 17
48.8%
People EverydayArrested Development
44.2%
CryingRoy Orbison & k.d. lang
40.7%
House of LoveEast 17
39.5%
For Your BabiesSimply Red
38.4%
It's Only NaturalCrowded House
33.7%
Too Much Love Will Kill YouBrian May
32.6%
Just Another DayJon Secada
31.4%
Song Artist % Correct
(Take a Little) Piece of My HeartErma Franklin
29.1%
Baby Don't CryINXS
26.7%
Shake Your HeadWas (Not Was)
24.4%
Digging in the DirtPeter Gabriel
23.3%
How Do You Do!Roxette
22.1%
Take This HeartRichard Marx
18.6%
Book of DaysEnya
18.6%
I'm Gonna Get YouBizarre Inc ft. Angie Brown
15.1%
Never Let Her Slip AwayUndercover
14%
Be My BabyVanessa Paradis
14%
Boom BoomJohn Lee Hooker
12.8%
FaithfulGo West
11.6%
Run to YouRage
11.6%
TetrisDoctor Spin
10.5%
Too Much Too YoungLittle Angels
9.3%
A Little RespectBjörn Again
9.3%
Don't You Want MeThe Farm
7%
Let Me Take You ThereBetty Boo
7%
SupermariolandAmbassadors of Funk and MC Mario
5.8%

You're not logged in!

Compare scores with friends on all Sporcle quizzes.
Join for Free
OR
Log In

You Might Also Like...

Show Comments

Extras

Top Quizzes Today


Score Distribution

Your Account Isn't Verified!

In order to create a playlist on Sporcle, you need to verify the email address you used during registration. Go to your Sporcle Settings to finish the process.

Report this User

Report this user for behavior that violates our Community Guidelines.

Details: